Language Quiz

Random Language or Italian Quiz

Irregular Italian Gerends and Past Participles Quiz Stats

 Plays Quiz not verified by Sporcle

Also try: All Five Vowels
Challenge
Share
Tweet
Embed
Score 0/37 Timer 05:00
1 Play Today
Hint Answer % Correct
I readHo letto
96.5%
I tookHo preso
95.2%
I am drinkingSto bevendo
94.7%
I lostHo perso
94.7%
I wroteHo scritto
94.7%
I sawHo visto
94.7%
I saidHo detto
94.7%
I madeHo fatto
93%
I openedHo aperto
93%
I drankHo bevuto
93%
I diedSono morto
93%
I am sayingSto dicendo
93%
I ranHo corso
93%
I slept (normal)Ho dormito
93%
I am singing (normal)Sto cantando
93%
I closedHo chiuso
91.2%
I livedHo vissuto
91.2%
I am doingSto facendo
91.2%
I choseHo scelto
89.5%
Hint Answer % Correct
I cameSono venuto
89.5%
I putHo messo
88.1%
I went outSono uscito
88.1%
I turned onHo acceso
87.7%
I brokeHo rotto
87.7%
I wonHo vinto
87.7%
I sang (normal)Ho cantato
87.7%
I am sleeping (normal)Sto dormendo
87.7%
I spentHo speso
86%
I am givingSto dando
84.2%
I am selling (normal)Sto vendendo
84.2%
I promisedHo promesso
82.5%
I sold (normal)Ho venduto
82.5%
I correctedHo corretto
80.7%
I discussedHo discusso
80.7%
I criedHo pianto
80.7%
I allowedHo permesso
77.2%
I stayedSono rimasto
73.8%

You're not logged in!

Compare scores with friends on all Sporcle quizzes.
Join for Free
OR
Log In

You Might Also Like...

Show Comments

Extras

Top Quizzes Today


Score Distribution

Your Account Isn't Verified!

In order to create a playlist on Sporcle, you need to verify the email address you used during registration. Go to your Sporcle Settings to finish the process.

Report this User

Report this user for behavior that violates our Community Guidelines.

Details: